| 000 | 01111cad a22002415a 4500 | ||
|---|---|---|---|
| 001 | E147458 | ||
| 008 | 090513s2009 xxkao f 000 0 eng d | ||
| 020 | _a9781849170079 | ||
| 035 | _a(Sirsi) u147458 | ||
| 041 | 0 | _aeng | |
| 050 | 0 | 4 | _a913.031028 $2 18 |
| 110 | 2 |
_aHistoric Scotland _92914 |
|
| 245 | 0 | 0 |
_aMetal detecting yes or no? _bmetal detecting, scheduled monuments and the law _h[electronic resource] |
| 260 |
_aEdinburgh _bHistoric Scotland _c[2009] |
||
| 520 | _aAimed at landowners, occupiers and managers of archaeological sites and monuments, as well as those undertaking metal detecting, this leaflet discusses the legal position and advises on safeguards to ensure that archaeological sites are protected. | ||
| 521 | _aIntroductory | ||
| 590 | _aKA | ||
| 651 | 4 |
_aScotland _y1999- |
|
| 690 | _aBUILT ENVIRONMENT-BUILDING TYPES-ANCIENT MONUMENTS AND HISTORIC BUILDINGS | ||
| 690 |
_aArts and antiques _96217 |
||
| 856 | 4 | 0 |
_uhttps://www.historic-scotland.gov.uk/publicationsresultsdetail.htm?id=4a0a1bed20 _zView the leaflet free of charge at www.historic-scotland.gov.uk... |
| 942 | _n0 | ||
| 999 |
_c109561 _d109561 |
||